Vocabularium juris utriusque ex variis ante editis praesertim ex Alexand. Scoti, Jo. Kahal, Barn. Brissonii, et Jo. Gottl. Heinecii accesionibus, opera et studio B. Philip. Vicat, juris utriusque D. & professoris. [Tomus primus-] Tomus tertius

Detalles Bibliográficos
Autor principal: Vicat, Béat Philippe, 1715-1770?
Otros Autores: Kahl, Johann, 1550-1614, Scot, Alexander, fl. 1593-1622, Brisson, Barnabé, 1531-1591, Heinecke, Johann Gottlieb, 1681-1741
Formato: Libro
Lenguaje:Latin
Publicado: [Lossana] : ex officina Bousquetiana, 1759.
Materias:
Colección:Banco de datos
Acervo:Fondo Antiguo José Gutiérrez Casillas. S.J. de la Biblioteca Eusebio F. Kino. de la Provincia Mexicana de la Compañía de Jesús
Descripción Física:3 t. ; 8°
Tema general:Derecho civil - Diccionarios
Notas:Portada tipográfica a dos tintas con pleca en grabado xilográfico. Ciudad impresora tomada del catálogo electrónico del Istituto Centrale per il Catalogo Unico delle Biblioteche Italiane e per le Informazioni Bibliografiche. Texto a dos columnas con paginación en números arábigos, cornisas, titulillos, signaturas y reclamos. Tomo con portada y paginación propias. El t. 3 publicado en 1759. Paginación: t. 3 [1] h., 566 p. Encuadernación en piel sobre cartón. Sello en tinta de JHS Santa Brigida R. Daños de polilla
LEADER 01497nam a22002290004500
035 |a 3398 
041 0 |a lat 
100 1 |a Vicat, Béat Philippe, 1715-1770? 
245 1 0 |a Vocabularium juris utriusque ex variis ante editis praesertim ex Alexand. Scoti, Jo. Kahal, Barn. Brissonii, et Jo. Gottl. Heinecii accesionibus, opera et studio B. Philip. Vicat, juris utriusque D. & professoris. [Tomus primus-] Tomus tertius 
260 |a [Lossana] : ex officina Bousquetiana, 1759. 
300 |a 3 t. ; 8° 
500 |a Portada tipográfica a dos tintas con pleca en grabado xilográfico. Ciudad impresora tomada del catálogo electrónico del Istituto Centrale per il Catalogo Unico delle Biblioteche Italiane e per le Informazioni Bibliografiche. Texto a dos columnas con paginación en números arábigos, cornisas, titulillos, signaturas y reclamos. Tomo con portada y paginación propias. El t. 3 publicado en 1759. Paginación: t. 3 [1] h., 566 p. Encuadernación en piel sobre cartón. Sello en tinta de JHS Santa Brigida R. Daños de polilla 
505 0 0 |a t. 3 P-Z 
650 1 0 |a Derecho civil - Diccionarios 
700 1 |a Kahl, Johann, 1550-1614 
700 1 |a Scot, Alexander, fl. 1593-1622 
700 1 |a Brisson, Barnabé, 1531-1591 
700 1 |a Heinecke, Johann Gottlieb, 1681-1741  
949 |a 23837 (t. 3) 
942 |c KINO 
943 |g Fondo Antiguo José Gutiérrez Casillas. S.J. de la Biblioteca Eusebio F. Kino. de la Provincia Mexicana de la Compañía de Jesús 
999 |c 1096287  |d 1096287